000 03366cam a2200637Ia 4500
001 ocm55750691
003 OCoLC
005 20100830043918.0
008 040625s2004 fr a b i000 0 eng d
040 _aEQO
_cEQO
_dZYF
_dORU
_dYLS
_dGZM
_dVVC
_dOCLCQ
_dMBB
_dBAKER
_dVP@
_dNLGGC
_dYDXCP
_dOCLCQ
_dBTCTA
_dRCJ
020 _a9287153337
020 _a9789287153333
029 1 _aNLGGC
_b257374604
029 1 _aYDXCP
_b2101059
029 1 _aNZ1
_b9184471
029 1 _aAU@
_b000026379478
029 1 _aUNITY
_b093958544
029 1 _aBIRCL
_b9287153337
029 1 _aUKBCC
_b9287153337
029 1 _aUKKCC
_b9287153337
029 1 _aUKLCL
_b9287153337
029 1 _aUKBCH
_b9287153337
029 1 _aUKBRW
_b9287153337
029 1 _aOXFCL
_b9287153337
029 1 _aULEDC
_b9287153337
029 1 _aUKKLI
_b9287153337
029 1 _aUKNLL
_b9287153337
035 _a(OCoLC)55750691
043 _ae------
050 4 _aHV8699.E9
_bD43 2004
082 0 4 _a364.66
084 _a86.43
_2bcl
084 _a86.81
_2bcl
049 _aSZTA
245 0 4 _aThe death penalty :
_bbeyond abolition /
_cintroduction by Roger Hood ; preface by Robert Badinter.
260 _aStrasbourg :
_bCouncil of Europe Pub. ;
_a[Croton-on-Hudson, NY :
_bManhattan Pub. Co., distributor],
_cc2004.
300 _a244 p. :
_bill. ;
_c24 cm.
500 _aIncludes text of Protocols No. 6 and 13 to the Convention for the Protection of Human Rights and Fundamental Freedoms.
580 _aAlso published in a French edition.
504 _aIncludes bibliographical references.
505 0 _aMoving towards universal abolition of the death penalty / Robert Badinter -- The importance of abolishing the death penalty / Roger Hood -- The death penalty versus human rights / Eric Prokosch -- Capital punishment: the families of the homicide victim and the condemned / Peter Hodgkinson -- The role of the Council of Europe's Parliamentary Assembly / Renate Wohlwend -- Protocol no. 6 to the European Convention on Human Rights / Hans Christian Krüger -- The case-law of the institutions of the European Convention on Human Rights / Caroline Ravaud -- The United Nation's work in the field of the death penalty / Sir Nigel Rodley -- Alternatives to the death penalty: the United Kingdom experience / Peter Hodgkinson -- Abolition in France / Anne Ferrazzini and Michel Forst -- The Russian Federation and the death penalty / Anatoly Pristavkin -- The present situation of the death penalty in the United States / Hugo Adam Bedau -- The death penalty in Japan / Yoshihiro Yasuda.
650 0 _aCapital punishment
_zEurope.
650 0 _aDeath row inmates
_xLegal status, laws, etc.
650 1 7 _aDoodstraf.
_2gtt
650 1 7 _aAfschaffing.
_2gtt
650 1 7 _aEuropese conventie tot bescherming van de rechten van de mens en de fundamentele vrijheden.
_2gtt
650 1 7 _aRaad van Europa.
_2gtt
700 1 _aHood, Roger G.
710 2 _aCouncil of Europe.
730 0 2 _aConvention for the Protection of Human Rights and Fundamental Freedoms
_d(1950).
_kProtocols, etc.
938 _aBaker & Taylor
_bBKTY
_c42.00
_d42.00
_i9287153337
_n0006501795
_sactive
938 _aYBP Library Services
_bYANK
_n2101059
938 _aBaker and Taylor
_bBTCP
_nBK0006501795
994 _aC0
_bSZT
999 _c934
_d934